Cranial nerves: (Record no. 34813)
[ view plain ]
| 000 -LEADER | |
|---|---|
| fixed length control field | 00646cam a2200181 4500 |
| 008 - FIXED-LENGTH DATA ELEMENTS--GENERAL INFORMATION | |
| fixed length control field | 120511n 000 0 eng u |
| 020 ## - INTERNATIONAL STANDARD BOOK NUMBER | |
| International Standard Book Number | 1556640102 (pbk.) |
| 035 ## - SYSTEM CONTROL NUMBER | |
| System control number | (Sirsi) a176120 |
| 050 ## - LIBRARY OF CONGRESS CALL NUMBER | |
| Classification number | MED QM 471 WIL 1988 |
| 100 ## - MAIN ENTRY--PERSONAL NAME | |
| Personal name | Wilson-Pauwels, Linda. |
| 245 ## - TITLE STATEMENT | |
| Title | Cranial nerves: |
| Remainder of title | anatomy and clinical comments / |
| Statement of responsibility, etc. | by Linda Wilson-Pauwels, Elizabeth J. Akesson and Patricia A. Stewart. |
| 260 ## - PUBLICATION, DISTRIBUTION, ETC. | |
| Place of publication, distribution, etc. | Toronto: |
| Name of publisher, distributor, etc. | B.C. Decker, |
| Date of publication, distribution, etc. | 1988. |
| 300 ## - PHYSICAL DESCRIPTION | |
| Extent | xiii, 177 p. : |
| Other physical details | ill. |
| 504 ## - BIBLIOGRAPHY, ETC. NOTE | |
| Bibliography, etc. note | Includes Bibliographical references and index. |
| 650 ## - SUBJECT ADDED ENTRY--TOPICAL TERM | |
| Topical term or geographic name entry element | Cranial nerves --Anatomy. |
| 700 ## - ADDED ENTRY--PERSONAL NAME | |
| Personal name | Akesson, E. J. |
| 700 ## - ADDED ENTRY--PERSONAL NAME | |
| Personal name | Stewart, Patricia A. |
| Withdrawn status | Lost status | Source of classification or shelving scheme | Damaged status | Not for loan | Home library | Current library | Shelving location | Cost, normal purchase price | Total Checkouts | Full call number | Barcode | Date last seen | Copy number | Price effective from | Koha item type |
|---|---|---|---|---|---|---|---|---|---|---|---|---|---|---|---|
| Library of Congress Classification | Medical Library | Medical Library | On Shelf | 0.00 | MED QM 471 WIL 1988 | 33729005882472 | 08/13/2019 | 1 | 08/13/2019 | Book | |||||
| Library of Congress Classification | Medical Library | Medical Library | On Shelf | MED QM 471 WIL 1988 | 33729004885880 | 08/13/2019 | 2 | 08/13/2019 | Book |